000 00948nam a2200181Ia 4500
008 090124s9999 xx 000 0 und d
082 _b39689
100 _a"केतकर ,श्रीधर व्यंकटेश"
245 _a महाराष्ट्रीय ज्ञानकोश भाग 1ला हिंदुस्थान आणि जग
250 _a0
260 _bरामंचद्र वासुदेव केतकर
_c1974
300 _a500
600 _a"केतकर ,श्रीधर व्यंकटेश"
630 _a महाराष्ट्रीय ज्ञानकोश भाग 1ला हिंदुस्थान आणि जग
700 _a"केतकर ,श्रीधर व्यंकटेश"
730 _a महाराष्ट्रीय ज्ञानकोश भाग 1ला हिंदुस्थान आणि जग
942 _cBOOK
999 _c105870
_d105870